书目信息 |
| 题名: |
聋校数学教学生活化探索
|
|
| 作者: | 徐东升 主编 | |
| 分册: | ||
| 出版信息: | 天津 天津教育出版社 2014.01 |
|
| 页数: | 262页 | |
| 开本: | 24cm | |
| 丛书名: | 悠缘特教各地特教系列 | |
| 单 册: | ||
| 中图分类: | G762.2 | |
| 科图分类: | ||
| 主题词: | 聋哑学校--数学课--教学研究 , 聋哑学校 , 数学课 , 教学研究 | |
| 电子资源: | ||
| ISBN: | 978-7-5309-7394-3 | |
| 000 | 01029oam2 2200301 450 | |
| 001 | 0108153915 | |
| 005 | 20210308154403.0 | |
| 010 | @a978-7-5309-7394-3@dCNY38.00 | |
| 100 | @a20140727d2014 em y0chiy50 ea | |
| 101 | 0 | @achi |
| 102 | @aCN@b120000 | |
| 105 | @aa z 000yy | |
| 106 | @ar | |
| 200 | 1 | @a聋校数学教学生活化探索@Along xiao shu xue jiao xue sheng huo hua tan suo@f徐东升主编 |
| 210 | @a天津@c天津教育出版社@d2014.01 | |
| 215 | @a262页@c图, 照片@d24cm | |
| 225 | 2 | @a悠缘特教各地特教系列@i走进山东特教丛书@f李淑英总主编 |
| 330 | @a本书内容包括:聋校数学教学生活化概述、聋校数学教学生活化的主要内容、聋校数学教学生活化的实施过程、聋校数学教学生活化的案例等。 | |
| 461 | 0 | @12001 @a悠缘特教各地特教系列 |
| 462 | 0 | @12001 @a走进山东特教丛书 |
| 606 | 0 | @a聋哑学校@x数学课@x教学研究 |
| 606 | 0 | @a聋哑学校 |
| 606 | 0 | @a数学课 |
| 606 | 0 | @a教学研究 |
| 690 | @aG762.2@v5 | |
| 701 | 0 | @a徐东升@Axu dong sheng@4主编@c(特殊教育) |
| 801 | 0 | @aCN@bBJSZM@c20210308 |
| 905 | @b1272899-902@dG762.2@e263@f4 | |
| 聋校数学教学生活化探索/徐东升主编.-天津:天津教育出版社,2014.01 |
| 262页:图, 照片;24cm.-(悠缘特教各地特教系列.走进山东特教丛书/李淑英总主编) |
| ISBN 978-7-5309-7394-3:CNY38.00 |
| 本书内容包括:聋校数学教学生活化概述、聋校数学教学生活化的主要内容、聋校数学教学生活化的实施过程、聋校数学教学生活化的案例等。 |
| ● |
| 相关链接 |
|
|
|
|
正题名:聋校数学教学生活化探索
索取号:G762.2/263
 
预约/预借
| 序号 | 登录号 | 条形码 | 馆藏地/架位号 | 状态 | 备注 |
| 1 | 1272899 | 212728994 | 第一样本阅览室/ [索取号:G762.2/263] | 在馆 | |
| 2 | 1272900 | 212729001 | 教育系资料室/ [索取号:G762.2/263] | 在馆 | |
| 3 | 1272901 | 212729010 | 教育系资料室/ [索取号:G762.2/263] | 在馆 | |
| 4 | 1272902 | 212729029 | 第四借阅区/ [索取号:G762.2/263] | 在馆 |